ORGANIC NAME REACTIONS: A UNIFIED APPROACH (Record no. 9848)

MARC details
000 -LEADER
fixed length control field 00369nam a22001577a 4500
003 - CONTROL NUMBER IDENTIFIER
control field SGT
020 ## - INTERNATIONAL STANDARD BOOK NUMBER
International Standard Book Number 9788173197192
082 ## - DEWEY DECIMAL CLASSIFICATION NUMBER
Classification number 547,BRA
100 ## - MAIN ENTRY--PERSONAL NAME
Personal name BRAHMACHARI,GAUTAM
245 ## - TITLE STATEMENT
Title ORGANIC NAME REACTIONS: A UNIFIED APPROACH
250 ## - EDITION STATEMENT
Edition statement 2ND
260 ## - PUBLICATION, DISTRIBUTION, ETC. (IMPRINT)
Place of publication, distribution, etc NEW DELHI
Name of publisher, distributor, etc NAROSA PUBLICATION
Year of Publication 2015
300 ## - PAGE DESCRIPTION
No. of Pages 749
650 ## - SUBJECT ADDED ENTRY--TOPICAL TERM
Topical term or geographic name as entry element ORGANIC CHEMISTRY
942 ## - ADDED ENTRY ELEMENTS (KOHA)
Source of classification or shelving scheme Dewey Decimal Classification
Koha item type FPS Books

No items available.